Statistics for Name a Valid U.S. President

Click here to take the quiz!

General Stats

  • This quiz has been taken 20,471 times
    (20,400 since last reset)
  • The average score is 14 of 18

Answer Stats

Name a President… Possible Answers Answer % Correct
less than 50 years old when inauguratedJames K. Polk / Franklin Pierce / Ulysses S. Grant / James Garfield / Grover Cleveland / Theodore Roosevelt / John F. Kennedy / Bill Clinton / Barack ObamaTheodore Roosevelt, Barack Obama, ...
99%
was assassinatedAbraham Lincoln / James Garfield / William McKinley / John F. KennedyAbraham Lincoln, John F. Kennedy ...
97%
was previously Vice PresidentJohn Adams / Thomas Jefferson / Martin Van Buren / John Tyler / Millard Fillmore / Andrew Johnson / Chester Arthur / Theodore Roosevelt / Calvin Coolidge / Harry Truman / Lyndon B. Johnson / Richard Nixon / Gerald Ford / George H.W. BushJohn Adams, Thomas Jefferson, ...
96%
has served since the year 2000Bill Clinton / George W. Bush / Barack Obama / Donald TrumpBill Clinton, George W. Bush, ...
96%
with a one-syllable last nameJames K. Polk / Franklin Pierce / Ulysses S. Grant / Rutherford B. Hayes / William Taft / Gerald R. Ford / George H.W. Bush / George W. Bush / Donald TrumpJames K. Polk, William Taft, ...
90%
resigned from officeRichard NixonRichard Nixon
88%
won a Nobel Peace Prize (not necessarily while in office)Theodore Roosevelt / Woodrow Wilson / Jimmy Carter / Barack ObamaTheodore Roosevelt, Jimmy Carter, ...
86%
was elected despite not winning the popular voteJohn Quincy Adams / Rutherford B. Hayes / Benjamin Harrison / George W. Bush / Donald TrumpRutherford B. Hayes, Donald Trump, ...
84%
was impeachedAndrew Johnson / Bill Clinton / Donald TrumpAndrew Johnson, Bill Clinton, Donald Trump
82%
didn't represent the Democratic or Republican partyGeorge Washington / John Adams / William Henry Harrison / John Tyler / Zachary Taylor / Millard FillmoreGeorge Washington, John Adams, ...
80%
with an alliterative name (i.e. initials are AA, BB etc...)Woodrow Wilson / Calvin Coolidge / Herbert Hoover / Ronald ReaganWoodrow Wilson, Herbert Hoover, ...
71%
died in office (but wasn't assassinated)William Henry Harrison / Zachary Taylor / Warren Harding / Franklin D. RooseveltZachary Taylor, Franklin D. Roosevelt, ...
70%
was born in MassachusettsJohn Adams / John Quincy Adams / John F. Kennedy / George H.W. BushJohn Adams, John F. Kennedy, ...
68%
whose first name contains the letter "Y"Zachary Taylor / Lyndon B. Johnson / Ulysses S. Grant / Harry Truman / Jimmy CarterLyndon B. Johnson, Jimmy Carter, ...
61%
had a mustache in his official portrait
(but no other facial hair)
Grover Cleveland / Theodore Roosevelt / William Howard TaftGrover Cleveland, Theodore Roosevelt, ...
61%
had no biological childrenGeorge Washington / James Madison / Andrew Jackson / James Buchanan / James K. PolkGeorge Washington, Andrew Jackson, ...
58%
graduated from West PointUlysses S. Grant / Dwight D. EisenhowerUlysses S. Grant, Dwight D. Eisenhower
51%
had a child with a woman he never marriedThomas Jefferson / Warren HardingThomas Jefferson, Warren Harding
47%

Score Distribution

Percentile by Number Answered

Percent of People with Each Score

Your Score History

You have not taken this quiz since the last reset